000 00441nam a22001817a 4500
003 LK-CoDNM
005 20250228113729.0
008 250225b |||||||| |||| 00| 0 eng d
040 _aLK-CoDNM
_dLK-CoDNM
_eLK-CoDNM
041 _aeng
080 _aRC
_b551
100 _aHALY,A
245 _aSECOND REPORT ON THE COLLECTION LIZARDS IN THE COLOMBO MUSEUM
260 _c1887
300 _a4p. :25 cm
650 _aLIZARDS
942 _cBK
999 _c238507
_d238507